Duck dynasty. Season 2, vol. 1 ... Read More
Available copies
- 0 of 1 copy available at LARL/NWRL Consortium.
- 0 of 1 copy available at Northwest Regional Library. (Show preferred library)
Current holds
0 current holds with 1 total copy.
Show Only Available Copies
| Location | Call Number / Copy Notes | Barcode | Shelving Location | Status | Due Date |
|---|---|---|---|---|---|
| Karlstad LINK Site | DVD DUC (Text) | 35500005596570 | Main | Checked out | 07/08/2026 |
Record details
- ISBN: 9786314953751
- Physical Description: 2 videodiscs (286 min.) : sd., col. ; 4 3/4 in.
- Publisher: Santa Monica, Calif. : Lions Gate Home Entertainment, 2013
Content descriptions
| General Note: | Title from disc surface. Originally broadcast as a televion program in 2012. Special features: Never-before-seen-on-TV footage. |
| Participant or Performer Note: | Featuring, the Robertson family. |
| Summary, etc.: | The second season of Duck Dynasty follows the ... Read More |
| Target Audience Note: | Rating: TVPG. |
| System Details Note: | DVD, region 1, widescreen presentation; 2.0 Dolby ... Read More |
| Language Note: | English dialogue; English or Spanish subtitles; ... Read More |
Search for related items by subject
| Subject: | Duck calls. Decoys (Hunting) Louisiana > Social life and customs. Patos. Caza. |
| Genre: | Reality television programs. Video recordings for the hearing impaired. |
Search for related items by series
| LDR | 02687cgm a2200601Ia 4500 | ||
|---|---|---|---|
| 001 | 150913 | ||
| 003 | LARL_NWRL_CONSORTIUM | ||
| 005 | 20130325130025.0 | ||
| 007 | vd cvaizs | ||
| 008 | 130108s2013 cau286 g vleng d | ||
| 020 | . | ‡a9786314953751 | |
| 024 | 1 | . | ‡a031398166153 |
| 028 | 4 | 2. | ‡a42831 ‡bLions Gate Home Entertainment |
| 035 | . | ‡a(OCoLC)823653145 | |
| 037 | . | ‡bMidwest Tape ‡nhttp://www.midwesttapes.com | |
| 040 | . | ‡aTEFMT ‡cTEFMT ‡dTEF ‡dBTCTA ‡dIK2 ‡dIZ8 ‡dTEF ‡dNRG | |
| 041 | 1 | . | ‡aeng ‡jeng ‡jspa ‡heng |
| 049 | . | ‡aNRGQ | |
| 050 | 4. | ‡aNK4898 ‡b.D83 2013 | |
| 082 | 0 | 4. | ‡a745.593/6 ‡223 |
| 245 | 0 | 0. | ‡aDuck dynasty. ‡nSeason 2, vol. 1 ‡h[DVD/videorecording] / ‡cproduced by Guerney Productions for A&E Network. |
| 246 | 3 | . | ‡aDuck dynasty.Season two, volume 1 |
| 246 | 3 | . | ‡aDuck dynasty Second season, volume 1 |
| 246 | 3 | . | ‡aDuck dynasty 2nd season, volume 1 |
| 260 | . | ‡aSanta Monica, Calif. : ‡bLions Gate Home Entertainment, ‡c2013 | |
| 300 | . | ‡a2 videodiscs (286 min.) : ‡bsd., col. ; ‡c4 3/4 in. | |
| 490 | 0 | . | ‡aDuck Dynasty ; ‡vSeason 2, vol. 1 |
| 538 | . | ‡aDVD, region 1, widescreen presentation; 2.0 Dolby Digital. | |
| 546 | . | ‡aEnglish dialogue; English or Spanish subtitles; subtitled for the deaf and hard of hearing. | |
| 500 | . | ‡aTitle from disc surface. | |
| 511 | 0 | . | ‡aFeaturing, the Robertson family. |
| 500 | . | ‡aOriginally broadcast as a televion program in 2012. | |
| 521 | 8 | . | ‡aRating: TVPG. |
| 520 | . | ‡aThe second season of Duck Dynasty follows the Robertsons, a Louisiana bayou family living the American dream as they operate a duck call business while staying true to their values. | |
| 500 | . | ‡aSpecial features: Never-before-seen-on-TV footage. | |
| 650 | 0. | ‡aDuck calls. ‡0(LARL_NWRL_CONSORTIUM)37721 | |
| 650 | 0. | ‡aDecoys (Hunting) ‡0(LARL_NWRL_CONSORTIUM)18333 | |
| 651 | 0. | ‡aLouisiana ‡xSocial life and customs. | |
| 650 | 7. | ‡aPatos. ‡2bidex | |
| 650 | 7. | ‡aCaza. ‡2bidex | |
| 655 | 7. | ‡aReality television programs. ‡2lcgft ‡0(LARL_NWRL_CONSORTIUM)175689 | |
| 655 | 7. | ‡aVideo recordings for the hearing impaired. ‡2lcgft ‡0(LARL_NWRL_CONSORTIUM)175744 | |
| 700 | 3 | . | ‡aRobertson family. ‡0(LARL_NWRL_CONSORTIUM)29876 |
| 710 | 2 | . | ‡aGuerney Productions. |
| 710 | 2 | . | ‡aArts and Entertainment Network. ‡0(LARL_NWRL_CONSORTIUM)150608 |
| 710 | 2 | . | ‡aLions Gate Home Entertainment. ‡0(LARL_NWRL_CONSORTIUM)147778 |
| 994 | . | ‡aC0 ‡bNRG | |
| 901 | . | ‡a150913 ‡bOCLC ‡c150913 ‡tbiblio | |

Add to basket
Permalink
Disable Highlighting